000 00370nam a2200157Ia 4500
008 230711s9999||||xx |||||||||||||| ||und||
041 _aENG
082 _a720
_bRO-T
100 _aRogers,J.M
245 4 _aThe topaki saray museum Architecture
250 _a1st Ed.
260 _c1988
_aNew Delhi
_bLittle Brown
300 _a216
650 _aArchitecture
942 _cBK
999 _c3322
_d3322